All Rock-Type Pokémon moves (SV) - Statistics

General Stats
  • This quiz has been taken 66 times
  • The average score is 22 of 25
Answer Stats
Gen Category Base Power Description Answer % Correct
II Special 60 The user attacks with a prehistoric power. This may also boost all the user's stats at once. Ancient Power
100%
I Physical 75 Large boulders are hurled at the opposing Pokémon to inflict damage. This may also make the opposing Pokémon flinch. Rock Slide
100%
I Physical 50 The user picks up and throws a small rock at the target to inflict damage. Rock Throw
100%
IV Status - The user lays a trap of levitating stones around the opposing team. The trap damages opposing Pokémon that switch into battle. Stealth Rock
100%
IV Physical 100 The user stabs the target with sharpened stones. This move has a heightened chance of landing a critical hit. Stone Edge
100%
VII Physical 40 The user smashes into the target at high speed. This move always goes first. Accelerock
97%
VI Physical 100 The user whips up a storm of diamonds to damage opposing Pokémon. This may also sharply boost the user's Defense stat. Diamond Storm
97%
IV Physical 150 The user attacks the target with a hazardous, full-power headbutt. This also damages the user terribly. Head Smash
97%
IV Status - The user polishes its body to reduce drag. This sharply boosts the user's Speed stat. Rock Polish
97%
III Physical 60 The user hurls boulders at the target to inflict damage. This also lowers the target's Speed stat by cutting off its movement. Rock Tomb
97%
II Physical 30 The user continually rolls into the target over five turns. This attack becomes more powerful each time it hits. Rollout
97%
II Status - A five-turn sandstorm is summoned to damage all Pokémon except Rock, Ground, and Steel types. The sandstorm also boosts the Sp. Def stats of Rock types. Sandstorm
97%
V Status - The user and its allies are protected from wide-ranging attacks for one turn. Wide Guard
97%
III Physical 25 The user attacks by hurling hard rocks at the target. This move hits two to five times in a row. Rock Blast
95%
IV Special 80 The user attacks with a ray of light that sparkles as if it were made of gemstones. Power Gem
92%
IV Physical 150 The user launches a huge boulder at the target to attack. The user can't move on the next turn. Rock Wrecker
92%
VIII Physical 65 The user swings its stone axes at the target, aiming to land a critical hit. Stone splinters left behind by this attack float around the target. Stone Axe
92%
IX Physical 40 The user salt cures the target, inflicting damage every turn. Steel and Water types are more strongly affected by this move. Salt Cure
90%
V Physical 50 The user throws a stone or similar projectile to attack the target. If the target is in the air, it will be knocked down to the ground. Smack Down
87%
VIII Status - The user pours sticky tar over the target, lowering the target's Speed stat. The target becomes weaker to Fire-type moves. Tar Shot
77%
VII Physical/Special - The user summons a huge rock mountain using its Z-Power and drops it onto the target with full force. The power varies, depending on the original move. Continental Crush
72%
VIII Physical/Special - This is a Rock-type attack Dynamax Pokémon use. The user summons a sandstorm lasting five turns. Max Rockfall
67%
VIII Special 120 The user gathers energy from space and boosts its Sp. Atk stat on the first turn, then attacks on the next turn. Meteor Beam
67%
VIII Physical/Special - A Rock-type attack that Gigantamax Coalossal use. This move continues to deal damage to opponents for four turns. G-Max Volcalith
44%
VII Physical 190 After obtaining Z-Power, the user, Lycanroc, attacks the target with full force. This move negates the effect on the battlefield. Splintered Stormshards
44%
No matching quizzes found
Score Distribution
Percent of People with Each Score
Percentile by Number Answered
Your Score History
You have not taken this quiz